التغير الإجتماعي / (رقم التسجيلة. 77302)

تفاصيل مارك
000 -LEADER
fixed length control field 00657nam a22002057a 4500
005 - DATE AND TIME OF LATEST TRANSACTION
control field 20251108172349.0
008 - FIXED-LENGTH DATA ELEMENTS--GENERAL INFORMATION
fixed length control field 250721s1985 xx 000 0 ara d
082 14 - DEWEY DECIMAL CLASSIFICATION NUMBER
Classification number 301.24/دوب
100 1# - MAIN ENTRY--PERSONAL NAME
Personal name دوب، اس . سي
245 10 - TITLE STATEMENT
Title التغير الإجتماعي /
264 1# - PRODUCTION, PUBLICATION, DISTRIBUTION, MANUFACTURE, AND COPYRIGHT NOTICE
Place of production, publication, distribution, manufacture القاهرة :
Name of producer, publisher, distributor, manufacturer مكتبة نهضة الشرق،
Date of production, publication, distribution, manufacture, or copyright notice 1985.
300 ## - PHYSICAL DESCRIPTION
Extent 130ص
650 17 - SUBJECT ADDED ENTRY--TOPICAL TERM
Topical term or geographic name as entry element علم الإجتماع
650 17 - SUBJECT ADDED ENTRY--TOPICAL TERM
Topical term or geographic name as entry element التغير الإجتماعي
700 1# - ADDED ENTRY--PERSONAL NAME
Personal name الجوهري، عبد الهادي
Relator term ترجمة
700 1# - ADDED ENTRY--PERSONAL NAME
Personal name النكلاوي، أحمد
Relator term ترجمة
700 1# - ADDED ENTRY--PERSONAL NAME
Personal name فيصل، عواطف
Relator term ترجمة
942 ## - ADDED ENTRY ELEMENTS (KOHA)
Source of classification or shelving scheme Dewey Decimal Classification
Koha item type كتب
المقتنيات
حالة السحب حالة الفقدان مصدر التصنيف حالة التلف غير قابل للإعارة المكتبة الرئيسية المكتبة الحالية موقع الرف تاريخ التزويد الرقم المتسلسل Total Checkouts رقم الإستدعاء تاريخ آخر ظهور تاريخ الفاتورة نوع المادة (كوها)
    Dewey Decimal Classification Unchecked   مكتبة الأميرة ايمان العامة مكتبة الأميرة ايمان العامة الإعارة 06/07/2004 4664   301.24/دوب 28/07/2025 06/07/2004 كتب
    Dewey Decimal Classification Unchecked   مكتبة صويلح العامة مكتبة صويلح العامة الإعارة 06/07/2004 9508   301.24/دوب 28/07/2025 06/07/2004 كتب
Implemented & Customized by: BBB with SCIT (Smart Chains for Information Technology)

Powered by Koha